000 00710nam a2200241 a 4500
001 74923
003 BD-RjUL
005 20211209082624.0
008 161228s1950 nyua b 001 0 eng
035 _a(BD-RjUL) 75141
040 _aDLC
_cDLC
_dUKM
_dUBA
_dMUQ
_dMYG
_dBD-RjUL
_beng
041 _aeng
082 _a579.8
_223
_bPRF 1964
100 1 _aPrescott, G.W,
_9178748
245 1 4 _aThe fresh-water algae /
_cG.W. Prescott
260 _aNew York :
_bWM. C. Brown co,
_cc1964.
300 _aiii, 272 p. :
_bill. ;
_c24 cm.
490 _aPictured-key nature series
504 _aIncludes bibliography and index.
650 0 _aFreshwater algae
_9178749
700 _aJaques, H.E.
_9226294
942 _2ddc
_cBK
999 _c74923
_d74923